[Event "It (open)"]
[Site "masterchessopen.com - New York (USA)"]
[Round "0"]
[White "De Firmian Nick E (USA)"]
[Black "Djuric Stefan (SRB)"]
[Result "1-0"]
[WhiteElo "2490"]
[BlackElo "2465"]

1.d4 Nf6 2.c4 e6 3.Nf3 c5 4.d5 exd5 5.cxd5 d6 6.Nc3 g6 7.g3 Bg7 8.Bg2 O-O
9.O-O Nbd7 10.Nd2 Nh5 11.Nde4 Ndf6 12.Bg5 h6 13.Nxf6+ Nxf6 14.Bd2 Re8 15.h3
Bf5 16.Qc1 h5 17.Bh6 Qd7 18.Bxg7 Kxg7 19.Kh2 b5 20.Re1 Re7 21.a3 Rae8 22.b4 h4
23.gxh4 Be4 24.Rg1 Bxg2 25.Rxg2 a5 26.Qf4 Ne4 27.Nd1 axb4 28.axb4 Nf6 29.Ne3
Re5 30.Ra6 Nxd5 31.Nxd5 Rxd5 32.bxc5 Rxc5 33.Rxd6 Qf5 34.Qxf5 Rxf5 35.f3 Re3
36.Kg1 b4 37.Kf2 Rfe5 38.Rd2 b3 39.Rg4 Rc3 40.Rb4 Rh5 41.Rb2 Kf6 42.Kg3 Re5
43.e4 Kg7 44.R4xb3 Rxb3 45.Rxb3 f5 46.Kf4 Ra5 47.e5 Kh6 48.e6 Kg7 49.Kg5 f4+
50.Kxf4 Rf5+ 51.Kg4 Re5 52.Rb6 Kf6 53.f4 Re1 54.h5 gxh5+ 55.Kxh5 Rg1 56.h4 Rg2
57.Kh6 Rg4 58.h5 Rxf4 59.Kh7 Ra4 60.h6 Ra1 61.e7+ Kxe7 62.Kg7 Rg1+ 63.Rg6 {#r}
1-0

[Event "It \"]
[Site "masterchessopen.com - Budapest (Hungary)"]
[Round "0"]
[White "Kiss Attila (HUN)"]
[Black "Haag Ervin (HUN)"]
[Result "1-0"]
[WhiteElo "2358"]
[BlackElo "2284"]

1.d4 Nf6 2.c4 e6 3.g3 c5 4.d5 exd5 5.cxd5 d6 6.Nc3 g6 7.Bg2 Bg7 8.Nf3 O-O
9.O-O Nbd7 10.Bf4 Ne8 11.e4 a6 12.a4 Rb8 13.Qe2 Qc7 14.Rfc1 b5 15.axb5 axb5
16.Nxb5 Qb6 17.Na7 Qxb2 18.Qd1 Qb7 19.Rcb1 Qc7 20.Ra3 c4 21.Rxb8 Nxb8 22.Nd4
Bd7 23.Be3 Nf6 24.h3 Re8 25.Qc2 Qb7 26.Ra1 Na6 27.Qxc4 Nc5 28.e5 Rxe5 29.Ndc6
Re8 30.Kh2 h5 31.Rd1 h4 32.gxh4 Nfe4 33.Kg1 Qb2 34.Nb5 Qf6 35.h5 gxh5 36.Rf1
Bh6 37.Bd4 Qg6 38.Kh1 Kh7 39.Rg1 Bf4 40.Nc7 Ng3+ 41.fxg3 Qxg3 42.Be4+ Nxe4
43.Rxg3 Nxg3+ 44.Kg2 {#r} 1-0

[Event "corr."]
[Site "masterchessopen.com - Germany"]
[Round "0"]
[White "Birnbaum Detlev (FRA)"]
[Black "Pohl Walter (GER)"]
[Result "1-0"]
[WhiteElo "2148"]
[BlackElo "2123"]

1.d4 Nf6 2.c4 c5 3.d5 e6 4.Nc3 exd5 5.cxd5 d6 6.g3 g6 7.Bg2 Bg7 8.Nf3 O-O
9.O-O Nbd7 10.Nd2 a6 11.a4 Rb8 12.Nc4 Ne8 13.a5 Ne5 14.Nb6 Nc7 15.Bd2 Bd7
16.Rc1 Bb5 17.Re1 Na8 18.Nca4 Re8 19.b4 Bxa4 20.Nxa4 cxb4 21.Bxb4 Nc7 22.e4
Nb5 23.f4 Nd7 24.Bh3 Nf8 25.Nb6 Bd4+ 26.Kh1 Bxb6 27.axb6 Qxb6 28.Qb3 Nc7
29.Qc3 Nb5 30.Qd2 Qd8 31.e5 dxe5 32.fxe5 b6 33.Qa2 a5 34.Bd2 Nd4 35.e6 fxe6
36.dxe6 Qe7 37.Bf4 Rbc8 38.Rxc8 Rxc8 39.Bd6 Rc2 40.Qxc2 Nxc2 41.Bxe7 Nxe1
42.Bd8 a4 43.Bxb6 {#r} 1-0

[Event "It"]
[Site "masterchessopen.com - Graz (Austria)"]
[Round "0"]
[White "Vanheste Jeroen (NED)"]
[Black "Farago Ivan (HUN)"]
[Result "0-1"]
[WhiteElo "2290"]
[BlackElo "2535"]

1.d4 Nf6 2.c4 e6 3.g3 c5 4.d5 exd5 5.cxd5 d6 6.Nc3 g6 7.Bg2 Bg7 8.Nf3 O-O
9.O-O Nbd7 10.Bf4 Qe7 11.h3 a6 12.a4 h6 13.Re1 Rb8 14.e4 g5 15.Be3 b5 16.axb5
axb5 17.e5 dxe5 18.d6 Qe6 19.Bf1 e4 20.Nd2 Qxd6 21.Nxb5 Qe7 22.Qc2 Bb7 23.Nc4
Bd5 24.Ncd6 Ne5 25.Rec1 Nd3 26.Rcb1 Qe6 27.Ra3 Rfd8 28.Bxc5 Nxc5 29.Qxc5 Bf8
30.Ra6 Rxb5 31.Qxb5 Bxd6 32.Qb6 Qe7 33.Ra7 Nd7 34.Qb5 Bc5 35.Rc7 Qd6 {#R} 0-1

[Event "It (open)"]
[Site "masterchessopen.com - Belgrade (Yugoslavia)"]
[Round "0"]
[White "Vanheste Jeroen (NED)"]
[Black "Arnason Jon L (ISL)"]
[Result "0-1"]
[WhiteElo "2390"]
[BlackElo "2535"]

1.d4 Nf6 2.c4 e6 3.g3 c5 4.d5 exd5 5.cxd5 d6 6.Nc3 g6 7.Bg2 Bg7 8.Nf3 O-O
9.O-O Nbd7 10.Bf4 Qe7 11.h3 h6 12.Re1 a6 13.a4 Nh5 14.Bc1 Rb8 15.e4 b5 16.axb5
axb5 17.Bf1 b4 18.Nb5 Ne5 19.Ra7 Rb7 20.Nxe5 Qxe5 21.Rxb7 Bxb7 22.f4 Qe7 23.g4
Nf6 24.Bg2 Qd7 25.Nxd6 Qxd6 26.e5 Qb6 27.exf6 Bxf6 28.b3 Rd8 29.Kh1 Qd6 30.Qc2
Bxd5 31.Be3 Bc3 32.Rf1 Qc6 33.Qf2 c4 34.bxc4 Bxg2+ 35.Qxg2 Qxg2+ 36.Kxg2 b3
37.c5 b2 38.Rb1 Ra8 39.f5 g5 40.h4 Bf6 41.hxg5 Ra1 {#R} 0-1

[Event "It (open)"]
[Site "masterchessopen.com - Hallein (Austria)"]
[Round "4"]
[White "Kiss Attila (HUN)"]
[Black "Schoeppl Engelbert (AUT)"]
[Result "1-0"]
[WhiteElo "2358"]
[BlackElo "2204"]

1.d4 c5 2.d5 e6 3.c4 exd5 4.cxd5 Nf6 5.Nc3 d6 6.Nf3 g6 7.g3 Bg7 8.Bg2 O-O
9.O-O Nbd7 10.Bf4 Qe7 11.h3 a6 12.a4 Rb8 13.e4 b5 14.axb5 axb5 15.Re1 Nh5
16.Bg5 Bf6 17.Bh6 Bg7 18.Bxg7 Kxg7 19.Bf1 Ne5 20.Nxe5 Qxe5 21.f4 Qd4+ 22.Kg2
Qxd1 23.Rexd1 Bd7 24.Ra7 b4 25.Nb1 Nf6 26.Nd2 Ra8 27.Rda1 Rxa7 28.Rxa7 Rd8
29.g4 h6 30.Kf3 Be8 31.Nc4 Bb5 32.Nxd6 Bxf1 33.Rxf7+ Kg8 34.Rxf6 Kg7 35.Re6 c4
36.Kf2 Bxh3 37.Nxc4 Bxg4 38.Rb6 h5 39.Ne5 {#r} 1-0

[Event "It"]
[Site "masterchessopen.com - Myslenice (Poland)"]
[Round "1"]
[White "Kasperek Wieslaw (POL)"]
[Black "Gasiorowski Ryszard (POL)"]
[Result "0-1"]
[WhiteElo "2084"]
[BlackElo "2230"]

1.d4 Nf6 2.Nf3 c5 3.d5 e6 4.c4 exd5 5.cxd5 g6 6.Nc3 Bg7 7.g3 O-O 8.Bg2 d6
9.O-O Nbd7 10.Re1 Rb8 11.a4 a6 12.Qd3 Ng4 13.Bf4 Nge5 14.Nxe5 Nxe5 15.Bxe5
Bxe5 16.e4 Bd4 17.Qd2 Qa5 18.Kh1 Bd7 19.Qc2 Rbe8 20.f4 Qd8 21.a5 f5 22.Qb3
Bxc3 23.bxc3 fxe4 24.c4 Bc8 25.Rxe4 Rxe4 26.Bxe4 Qf6 27.Rd1 Re8 28.Qd3 Re7
29.h4 Qf8 30.Bg2 Bg4 31.Bf3 Bxf3+ 32.Qxf3 Qf5 33.g4 Qc2 34.Rf1 Qxc4 35.f5 gxf5
36.Qxf5 Qe4+ 37.Qxe4 Rxe4 38.Rb1 Rb4 39.Re1 c4 40.Re6 c3 41.Re8+ Kf7 42.Rc8
Rxg4 43.Rxc3 Rxh4+ 44.Kg2 Rb4 45.Kf3 Kf6 46.Re3 Kf5 47.Re6 Rb3+ 48.Ke2 Rb5
49.Rxd6 Rxa5 50.Rd7 Rb5 51.Kd3 Rb4 52.Re7 Kf6 53.Re6+ Kf7 54.Re5 Rb6 55.Kd4
Rg6 56.Re1 h5 57.Rc1 Rh6 58.Rc7+ Ke8 59.Rxb7 h4 60.Kc5 h3 61.Rb1 Kd7 62.Rb7+
Kc8 63.Rb1 h2 64.Rh1 Kd7 65.Kd4 Kd6 66.Ke4 a5 67.Kf3 a4 68.Kg2 a3 69.Kg3 a2
70.Kg2 {#R} 0-1

[Event "It (open) \"]
[Site "masterchessopen.com - Berlin (Germany)"]
[Round "0"]
[White "Khalifman Alexander (RUS)"]
[Black "Petran Pal (HUN)"]
[Result "1-0"]
[WhiteElo "2545"]
[BlackElo "2384"]

1.d4 Nf6 2.c4 e6 3.g3 c5 4.d5 exd5 5.cxd5 d6 6.Bg2 g6 7.Nc3 Bg7 8.Nf3 O-O
9.O-O Nbd7 10.Bf4 Qe7 11.h3 a6 12.a4 Rb8 13.Rb1 Nh5 14.Bg5 Bf6 15.Bxf6 { ! } (
15.Bh6 Re8 { ? } ) 15...Qxf6 ( 15...Nhxf6 16.Re1 { ? } ) 16.Qd2 Re8 ( 16...Ne5
17.Ne4 { ± } ) 17.b4 b6 ( 17...cxb4 18.Rxb4 Nc5 19.Ng5 { ! } ) 18.Rfe1 Rb7 (
18...Bb7 19.bxc5 bxc5 20.Rb2 ) 19.bxc5 bxc5 20.a5 { ± !? } ( 20.Rxb7 Bxb7
21.Rb1 Bc8 22.a5 { ± } ) 20...Rxb1 21.Rxb1 Ne5 ( 21...Qd8 22.Qh6 { ! } )
22.Ne4 Qe7 23.Nxe5 Qxe5 24.Rb6 { ! } 24...Rd8 ( 24...Bxh3 25.Nxd6 { ! } (
25.Bxh3 Qxe4 26.Rxd6 { ± } ) 25...Bxg2 26.Nxe8 Bxd5 ( 26...Bh3 27.Qb2 Qxd5
28.Qg7+ { ! } ) 27.Qb2 { ! } 27...Qe4 28.f3 Qe3+ 29.Kg2 { +?? } ) 25.Qe3 { !
+?? } 25...c4 26.Rc6 Bd7 ( 26...Bb7 27.Qb6 ) 27.Rxd6 Qa1+ 28.Kh2 Qxa5 29.Nc5
Bc8 ( 29...Qc7 30.Qe7 ) 30.Rxd8+ Qxd8 31.Qd4 Qf6 32.Qxc4 Qxf2 33.Ne4 Qf5
34.Nd6 Qe5 35.Qxc8+ Kg7 36.Ne4 f5 37.Qc3 { ! } {#r} 1-0

[Event "Ch Czech Republic (open)"]
[Site "masterchessopen.com - Karvina (Czech Republic)"]
[Round "5"]
[White "Chloupek Stanislav (CZE)"]
[Black "Kucera Petr 88 (CZE)"]
[Result "0-1"]
[WhiteElo "2338"]
[BlackElo "2158"]

1.d4 Nf6 2.c4 c5 3.d5 e6 4.Nc3 exd5 5.cxd5 d6 6.Nf3 g6 7.g3 Bg7 8.Bg2 O-O
9.O-O Nbd7 10.Bf4 Ne8 11.a4 a6 12.Rb1 Rb8 13.Qd2 Qe7 14.Rfe1 Ne5 15.b4 Bf5
16.e4 cxb4 17.Rxb4 Nxf3+ 18.Bxf3 Bd7 19.Be3 Qf6 20.e5 Qxf3 21.Rf4 Qh5 22.Rh4
Qf5 23.Ba7 Rc8 24.g4 Qf3 25.Re3 Qf4 26.e6 fxe6 27.dxe6 Bxc3 28.exd7 Bxd2 {#R}
0-1

[Event "It (open)"]
[Site "masterchessopen.com - Lugano (Switzerland)"]
[Round "1"]
[White "Dam Ruurd (NED)"]
[Black "Van Der Wiel John T H (NED)"]
[Result "0-1"]
[WhiteElo "2305"]
[BlackElo "2545"]

1.d4 Nf6 2.c4 e6 3.g3 c5 4.d5 exd5 5.cxd5 d6 6.Nc3 g6 7.Nf3 Bg7 8.Bg2 O-O
9.O-O Nbd7 10.Bf4 Qe7 11.h3 h6 12.e4 g5 13.Be3 b5 14.a3 Nxe4 15.Nxe4 Qxe4
16.Nxg5 Qg6 17.Ne6 fxe6 18.dxe6 Nb6 19.Bxa8 Nxa8 20.e7 Re8 21.Qd5+ Be6 22.Qxd6
Nb6 23.Bxc5 Nc4 24.Qc6 Ne5 25.Qg2 Qf5 26.f4 Nd3 27.Bxa7 Bd7 28.Qh2 Rxe7 29.g4
Qe4 30.Bb6 Bd4+ 31.Bxd4 Qxd4+ 32.Rf2 Re2 33.Rf1 Nxf2 {#R} 0-1

[Event "Cup Arnold"]
[Site "masterchessopen.com - Gausdal (Norway)"]
[Round "0"]
[White "Johansson Per (SWE)"]
[Black "Yndesdal Kjell (NOR)"]
[Result "0-1"]
[WhiteElo "2031"]
[BlackElo "2159"]

1.d4 Nf6 2.Nf3 e6 3.c4 c5 4.d5 exd5 5.cxd5 d6 6.Nc3 g6 7.g3 Bg7 8.Bg2 O-O
9.O-O Nbd7 10.Bf4 Qe7 11.Qd2 a6 12.a4 Re8 13.Rfe1 Rb8 14.h3 b5 15.axb5 axb5
16.Bg5 Qf8 17.Nh2 b4 18.Nd1 Ne4 19.Bxe4 Rxe4 20.Be3 Nb6 21.Qd3 Bf5 22.g4 Rxg4+
23.Nxg4 Bxd3 24.exd3 Nxd5 25.Bg5 h6 26.Bd2 h5 27.Nge3 Nf4 28.Nc4 Nxd3 29.Re3
Ne5 30.Nxe5 Bxe5 31.Rf3 Ra8 32.Rc1 Qg7 33.b3 Ra1 34.Rxa1 Bxa1 35.Bg5 Qe5
36.Be3 Qd5 {#R} 0-1

[Event "Ch Paris (open)"]
[Site "masterchessopen.com - Paris (France)"]
[Round "0"]
[White "Stempin Andrzej (POL)"]
[Black "Psakhis Lev (ISR)"]
[Result "1-0"]
[WhiteElo "2244"]
[BlackElo "2575"]

1.d4 e6 2.c4 Nf6 3.Nf3 c5 4.d5 d6 5.Nc3 exd5 6.cxd5 g6 7.g3 Bg7 8.Bg2 O-O
9.O-O Nbd7 10.a4 a6 11.Nd2 Qe7 12.h3 Rb8 13.Nc4 Ne5 14.Nb6 Nfd7 15.Nxc8 Rfxc8
16.a5 b5 17.axb6 Rxb6 18.Qc2 Nf8 19.Na4 Rbb8 20.Ra2 h5 21.f4 Ned7 22.b3 h4
23.g4 Bd4+ 24.Kh1 g5 25.fxg5 Be3 26.Bxe3 Qxe3 27.Nc3 c4 28.b4 Rxb4 29.Rxa6
Qxg5 30.Ne4 Qe5 31.Rc6 Re8 32.Nxd6 Qxe2 33.Qxe2 Rxe2 34.Nxc4 Rb3 35.Kg1 Ng6
36.Rf2 Re1+ 37.Kh2 Nde5 38.Rc8+ Kg7 39.Nd6 Rd3 40.Rc7 Red1 41.Nxf7 Nxf7
42.Rfxf7+ Kh6 43.Rf5 {#r} 1-0

[Event "It"]
[Site "masterchessopen.com - Anapa (Russia)"]
[Round "0"]
[White "Poluljahov Aleksandr (RUS)"]
[Black "Ruban Vadim (RUS)"]
[Result "0-1"]
[WhiteElo "2505"]
[BlackElo "2575"]

1.d4 Nf6 2.c4 e6 3.g3 c5 4.d5 exd5 5.cxd5 d6 6.Nc3 g6 7.Bg2 Bg7 8.Nf3 O-O
9.O-O Nbd7 10.Bf4 Qe7 11.h3 h6 12.Re1 g5 13.Bd2 Nb6 14.e4 Nc4 15.Bc1 Nd7
16.Bf1 Nce5 17.Nh2 Ng6 18.a4 a6 19.Be3 Rb8 20.Qc2 Qf6 21.Qd2 Qd8 22.Rab1 f5
23.exf5 Rxf5 24.b4 cxb4 25.Rxb4 Nc5 26.Be2 Rf8 27.Kg2 Bf5 28.Bd4 Ne5 29.Bxe5
Bxe5 30.Nf3 Bxc3 31.Qxc3 Be4 32.Rxe4 Nxe4 33.Qd3 Qe7 34.Bd1 Nc5 35.Qg6+ Qg7
36.Qxd6 b6 37.Re7 Qf6 38.Qc7 Rb7 39.Qxb7 Nxb7 40.Rxb7 Rf7 {#R} 0-1

[Event "Oberliga 1990/91"]
[Site "masterchessopen.com - Hessen (Germany)"]
[Round "0"]
[White "Tennstedt Andreas (GER)"]
[Black "Rohs Peter Dr (GER)"]
[Result "1-0"]
[WhiteElo "2212"]
[BlackElo "2042"]

1.d4 Nf6 2.c4 c5 3.d5 e6 4.Nc3 exd5 5.cxd5 d6 6.Nf3 g6 7.g3 Bg7 8.Bg2 O-O
9.O-O Nbd7 10.Nd2 Nb6 11.a4 a5 12.Qb3 Re8 13.h3 Nfd7 14.Nde4 Ne5 15.Bg5 f6
16.Bxf6 Bxf6 17.Nxf6+ Qxf6 18.Qxb6 Nf7 19.Qb5 Re7 20.Kh2 Kg7 21.Rae1 Qd4 22.f4
Qb4 23.Qd3 Bf5 24.e4 Rae8 25.Re2 Qd4 26.Qf3 Bd7 27.e5 Bf5 28.Rd1 Qc4 29.e6 Nd8
30.g4 Bxe6 31.dxe6 Nxe6 32.Rde1 Rf7 33.Qe4 Qb3 34.Qd5 {#r} 1-0

[Event "Ch Hungary (corr.)"]
[Site "masterchessopen.com - Hungary"]
[Round "0"]
[White "Timar Zsolt (HUN)"]
[Black "Kulcsar Gabor (HUN)"]
[Result "0-1"]
[WhiteElo "2119"]
[BlackElo "2094"]

1.d4 Nf6 2.c4 e6 3.g3 c5 4.d5 exd5 5.cxd5 d6 6.Bg2 g6 7.Nc3 Bg7 8.Nf3 O-O
9.O-O Nbd7 10.Bf4 Qe7 11.h3 a6 12.a4 h6 13.e4 Rb8 14.Re1 g5 15.Bd2 b5 16.axb5
axb5 17.Qc2 b4 18.Nd1 Re8 19.Ra7 Rb7 20.Ra5 Rb6 21.b3 Ra6 22.Rxa6 Bxa6 23.Nb2
Nb6 24.Nc4 Bxc4 25.bxc4 Nfd7 26.Kh2 Ra8 27.Rb1 Ra3 28.Be1 Ne5 29.Nxe5 Qxe5
30.Bf1 Ra1 31.Bd3 Rxb1 32.Qxb1 Qd4 33.Qc2 Qa1 34.Bd2 Qa3 35.Bc1 Qc3 36.Qxc3
Bxc3 37.h4 f6 38.hxg5 hxg5 39.Kg2 b3 40.g4 b2 41.Bxb2 Bxb2 42.Kf1 Na4 {#R} 0-1

[Event "It (open)"]
[Site "masterchessopen.com - Biel (Switzerland)"]
[Round "4"]
[White "Cech Pavel (CZE)"]
[Black "Hort Vlastimil (GER)"]
[Result "0-1"]
[WhiteElo "2369"]
[BlackElo "2560"]

1.d4 Nf6 2.c4 e6 3.g3 c5 4.d5 exd5 5.cxd5 d6 6.Nc3 g6 7.Nf3 Bg7 8.Bg2 O-O
9.O-O Nbd7 10.Bf4 Qe7 11.Qd2 Ng4 12.Rac1 a6 13.a4 Rb8 14.h3 Nge5 15.Nxe5 Nxe5
16.Ne4 Bf5 17.b4 Bxe4 18.Bxe4 c4 19.Bh6 Bxh6 20.Qxh6 f5 21.Bg2 f4 22.Rfd1 b5
23.axb5 Rxb5 24.Ra1 Rxb4 25.Rxa6 c3 26.Kh2 Nf7 27.Qh4 Qxe2 28.Raa1 Ne5 29.Re1
Nf3+ 30.Bxf3 Qxf2+ {#R} 0-1

[Event "Olympiad (corr.)"]
[Site "masterchessopen.com - corr."]
[Round "0"]
[White "Abreu Cordero Jose Leonardo (CAN)"]
[Black "Helsloot Jan (NED)"]
[Result "1-0"]
[WhiteElo "2119"]
[BlackElo "2106"]

1.d4 Nf6 2.c4 c5 3.d5 e6 4.Nc3 exd5 5.cxd5 d6 6.Nf3 g6 7.g3 Bg7 8.Bg2 O-O
9.O-O Nbd7 10.Nd2 a6 11.a4 Rb8 12.Nc4 Nb6 13.Nxd6 Bg4 14.a5 Qxd6 15.Bf4 Qd8
16.axb6 Qxb6 17.Bxb8 Rxb8 18.Qc2 Rc8 19.e4 Ne8 20.Rfe1 Qd6 21.h3 Bd7 22.f4 Qb6
23.e5 c4+ 24.Qf2 Qxf2+ 25.Kxf2 h5 26.d6 Rb8 27.Nd5 {#r} 1-0

[Event "Ch Russia (1/2 final)"]
[Site "masterchessopen.com - Orel (Russia)"]
[Round "0"]
[White "Shariyazdanov Andrey (RUS)"]
[Black "Nevostrujev Vladimir (RUS)"]
[Result "0-1"]
[WhiteElo "2579"]
[BlackElo "2450"]

1.d4 Nf6 2.c4 c5 3.d5 e6 4.Nc3 exd5 5.cxd5 d6 6.Nf3 g6 7.g3 Bg7 8.Bg2 O-O
9.O-O Nbd7 10.h3 Re8 11.Bf4 Nh5 12.Bg5 Qb6 13.Qd2 c4 14.Be3 Rxe3 15.Qxe3 Qxe3
16.fxe3 Nxg3 17.Rfe1 Nf5 18.e4 Ne3 19.Rac1 Nc5 20.Kf2 Nxg2 21.Kxg2 Bd7 22.e5
dxe5 23.Nd2 b5 24.b4 Na6 25.a4 Bh6 26.axb5 Bxd2 27.bxa6 Rb8 28.Ne4 Bxe1
29.Nf6+ Kg7 30.Nxd7 Rd8 31.Nxe5 Rxd5 32.Nc6 Rg5+ 33.Kf3 Rg3+ 34.Ke4 Bf2
35.Rxc4 Rxh3 36.Kd5 Rh5+ 37.Kd6 Rb5 38.Ke7 g5 39.e4 Rb6 40.e5 Rxa6 41.Nd8 Rb6
42.Rc7 g4 43.Ke8 Kg6 44.Rxf7 Bh4 45.Nb7 g3 46.Kf8 Bf6 {#R} 0-1

[Event "Ch Pfalz (juniors) (under 20)"]
[Site "masterchessopen.com - Bad Duerkheim (Germany)"]
[Round "0"]
[White "Otterstaetter Stefan (GER)"]
[Black "Helbig Mark (GER)"]
[Result "1-0"]
[WhiteElo "2191"]
[BlackElo "2327"]

1.d4 Nf6 2.c4 c5 3.d5 e6 4.Nc3 exd5 5.cxd5 d6 6.Nf3 g6 7.g3 Bg7 8.Bg2 O-O
9.O-O Nbd7 10.Nd2 a6 11.a4 Qe7 12.Nc4 Ng4 13.Ne4 Be5 14.h3 Ngf6 15.Bg5 h6
16.Nxf6+ Bxf6 17.Bxh6 Re8 18.Be3 Rb8 19.Qd2 b5 20.axb5 axb5 21.Na5 Ne5 22.b3
c4 23.Bd4 cxb3 24.Nxb3 Nc4 25.Qb4 Bd7 26.Ra7 Bxd4 27.Nxd4 Qd8 28.Rfa1 Qb6
29.e3 Qc5 30.Qxc5 dxc5 31.Nb3 Bf5 32.Nxc5 b4 33.e4 b3 34.Nxb3 Bxe4 35.Bxe4
Rxe4 36.Nc5 Ree8 37.Nd7 {#r} 1-0

[Event "It (a)"]
[Site "masterchessopen.com - Budapest (Hungary)"]
[Round "0"]
[White "Collas Didier (FRA)"]
[Black "Borocz Istvan (HUN)"]
[Result "1-0"]
[WhiteElo "2403"]
[BlackElo "1855"]

1.d4 Nf6 2.c4 g6 3.Nf3 Bg7 4.g3 c5 5.d5 d6 6.Nc3 O-O 7.Bg2 e6 8.O-O exd5
9.cxd5 Nbd7 10.Bf4 Qe7 11.Qc2 a6 12.a4 h6 13.Rab1 Nh5 14.Bd2 f5 15.Rfd1 g5
16.b4 cxb4 17.Rxb4 Nc5 18.Be1 f4 19.Nd4 Bd7 20.Ne6 fxg3 21.hxg3 Nxe6 22.dxe6
Bc6 23.Nd5 Qxe6 24.Nc7 Qd7 25.Nxa8 Bxg2 26.Kxg2 Rxa8 27.Qb3+ Kh8 28.Rxb7 Qg4
29.Qf3 Nf4+ 30.Kf1 Qh3+ 31.Kg1 Qe6 32.gxf4 Rf8 33.Bc3 {#r} 1-0

[Event "Memorial Schneider"]
[Site "masterchessopen.com - Budapest (Hungary)"]
[Round "8"]
[White "Pastivnychna Zorjana (UKR)"]
[Black "Pavlin Vladimir (CRO)"]
[Result "0-1"]
[WhiteElo "2094"]
[BlackElo "2271"]

1.d4 Nf6 2.Nf3 c5 3.d5 e6 4.c4 exd5 5.cxd5 g6 6.Nc3 Bg7 7.g3 d6 8.Bg2 O-O
9.O-O Nbd7 10.Bf4 Qe7 11.Rc1 a6 12.Re1 b5 13.e4 Ng4 14.Qd2 Re8 15.h3 Nge5
16.b3 Nxf3+ 17.Bxf3 Ne5 18.Bxe5 Qxe5 19.Bg2 Bd7 20.Kh2 Rac8 21.Ne2 f5 22.f4
Qb2 23.Qa5 fxe4 24.Qxa6 Red8 25.Rb1 Qf6 26.Qa5 Ra8 27.Qd2 e3 28.Qxe3 Rxa2
29.g4 Re8 30.Qf3 Rb2 31.Ng3 Rf8 32.Rxb2 Qxb2 33.Re2 Qd4 34.Rf2 c4 35.bxc4 bxc4
36.h4 Bxg4 37.Qxg4 Qxf2 38.h5 Qxf4 39.Qe6+ Kh8 40.hxg6 hxg6 {#R} 0-1

[Event "It (cat.4)"]
[Site "masterchessopen.com - Madrid (Spain)"]
[Round "1"]
[White "Cuevas-Rodriguez Ma Luisa (ESP)"]
[Black "Gallego Jimenez Victoriano (ESP)"]
[Result "0-1"]
[WhiteElo "2185"]
[BlackElo "2355"]

1.d4 Nf6 2.c4 g6 3.Nf3 Bg7 4.g3 O-O 5.Bg2 d6 6.O-O c5 7.d5 e6 8.Nc3 exd5
9.cxd5 Nbd7 10.Bf4 Qe7 11.Nb5 Ne8 12.Bg5 f6 13.Bf4 a6 14.Na3 b5 15.b4 f5
16.Rb1 Bb7 17.Nc2 Nc7 18.bxc5 Nxc5 19.Nfd4 g5 20.Bc1 Ne4 21.Bxe4 Qxe4 22.Bxg5
Nxd5 23.f3 Qe5 24.Qd3 f4 25.gxf4 Nxf4 26.Bxf4 Rxf4 27.e3 Rh4 28.Rf2 Rf8 29.Nb4
Kh8 30.Rbf1 Rg8 31.Rg2 Bc8 32.f4 Qh5 33.Nf3 Rg4 34.Ng5 Rxg2+ 35.Kxg2 Bf6 {#R}
0-1

[Event "It (open)"]
[Site "masterchessopen.com - Schwabisch Gmund (Germany)"]
[Round "3"]
[White "Von Alvensleben Wolfram (GER)"]
[Black "Spassov Liuben (BUL)"]
[Result "1-0"]
[WhiteElo "2243"]
[BlackElo "2430"]

1.d4 Nf6 2.c4 e6 3.g3 c5 4.d5 exd5 5.cxd5 d6 6.Nc3 g6 7.Bg2 Bg7 8.Nf3 O-O
9.O-O Nbd7 10.Nd2 a6 11.a4 Rb8 12.Nc4 Nb6 13.Nxd6 Bd7 14.a5 Na8 15.Nc4 Nc7
16.Be3 Bb5 17.Nb6 Qd6 18.Bf4 Qd8 19.Be3 Qd6 20.Rc1 c4 21.Bf4 Qd8 22.e4 Nh5
23.Be3 Qd6 24.Qd2 f5 25.exf5 gxf5 26.Bd4 Bh6 27.f4 Rfe8 28.Kh1 Rbd8 29.Qf2 Bg7
30.Bf3 Bxd4 31.Qxd4 Ng7 32.Rfe1 Qb4 33.Rxe8+ Ncxe8 34.Nxb5 axb5 35.Qc3 Qc5
36.b3 Nd6 37.Kg2 Nge8 38.bxc4 bxc4 39.Nxc4 Rc8 40.Nxd6 Qxc3 41.Rxc3 Rxc3
42.Nxe8 Rc2+ 43.Kh3 Rc5 44.Nd6 Rxa5 45.Nxb7 Ra3 46.d6 {#r} 1-0

[Event "Staatsliga B East 1994/95"]
[Site "masterchessopen.com - Austria"]
[Round "0"]
[White "Wukits Rene (AUT)"]
[Black "Denk Adolf (AUT)"]
[Result "1-0"]
[WhiteElo "2280"]
[BlackElo "2265"]

1.d4 Nf6 2.c4 e6 3.Nc3 c5 4.d5 exd5 5.cxd5 g6 6.Nf3 d6 7.g3 Bg7 8.Bg2 O-O
9.O-O Nbd7 10.Bf4 Ne8 11.h3 h6 12.e4 Rb8 13.a4 a6 14.Qe2 g5 15.Be3 Nc7 16.Nd2
b5 17.a5 Ne5 18.f4 gxf4 19.gxf4 Nc4 20.Nxc4 bxc4 21.e5 Bf5 22.Qxc4 Rxb2 23.Rf2
Rb4 24.Qa2 Re8 25.Rc1 Qh4 26.Rf3 dxe5 27.Bxc5 Rxf4 28.Qf2 Qxf2+ 29.Rxf2 Rc8
30.Rxf4 exf4 31.Kh1 Nxd5 32.Nxd5 Bf8 33.Nf6+ Kh8 34.Ne4 Bxe4 35.Bd4+ {#r} 1-0

[Event "It (cat.9)"]
[Site "masterchessopen.com - Budapest (Hungary)"]
[Round "7"]
[White "Horvath Jozsef M (HUN)"]
[Black "Enders Peter (GER)"]
[Result "0-1"]
[WhiteElo "2104"]
[BlackElo "2470"]

1.d4 Nf6 2.c4 g6 3.Nf3 Bg7 4.Nc3 O-O 5.g3 c5 6.d5 d6 7.Bg2 e6 8.O-O exd5
9.cxd5 Nbd7 10.e4 a6 11.a4 Rb8 12.Re1 Ng4 13.Bf1 Nde5 14.Nd2 g5 15.h3 Nh6
16.g4 Kh8 17.Be2 Ng8 18.Nf1 Ng6 19.Ng3 Nf4 20.Bf1 Ne7 21.h4 Be5 22.h5 Qd7
23.Nf5 Nxf5 24.exf5 b5 25.axb5 axb5 26.Ra5 c4 27.Be3 f6 28.Ba7 Ra8 29.Nxb5 Ba6
30.Rxa6 Qxb5 31.Qa4 Qxd5 32.Re3 Qb7 33.h6 d5 34.Ra3 Rfc8 35.Be3 Qxa6 36.Qxa6
Rxa6 37.Rxa6 Bxb2 38.Bxf4 gxf4 39.Rd6 Kg8 40.Rxd5 c3 41.Bd3 c2 42.Bxc2 Rxc2
43.Rd8+ Kf7 44.Rd7+ Ke8 45.Rxh7 f3 46.g5 Be5 {#R} 0-1

[Event "Ch Germany (juniors) (under 17)"]
[Site "masterchessopen.com - Friedersdorf (Germany)"]
[Round "4"]
[White "Roeber Bjoern (GER)"]
[Black "Gustafsson Jan (GER)"]
[Result "1-0"]
[WhiteElo "2210"]
[BlackElo "2205"]

1.d4 Nf6 2.c4 e6 3.g3 c5 4.d5 exd5 5.cxd5 d6 6.Nc3 g6 7.Bg2 Bg7 8.Nf3 O-O
9.O-O Nbd7 10.e4 a6 11.a4 Rb8 12.a5 Re8 13.Qc2 b5 14.axb6 Nxb6 15.Nd2 Nh5
16.b3 f5 17.Bb2 Nf6 18.Rfe1 Qc7 19.h3 fxe4 20.Ndxe4 Nxe4 21.Nxe4 Bf5 22.Bxg7
Qxg7 23.Rxa6 Qe5 24.g4 Nxd5 25.gxf5 Nb4 26.Qc4+ d5 27.Nf6+ Kh8 28.Rxe5 dxc4
29.Rxe8+ Rxe8 30.Nxe8 cxb3 31.f6 b2 32.Be4 {#r} 1-0

[Event "Bundesliga (2nd) East 1995/96"]
[Site "masterchessopen.com - Germany"]
[Round "0"]
[White "Schultz Andreas (GER)"]
[Black "Legde Georg (GER)"]
[Result "0-1"]
[WhiteElo "2275"]
[BlackElo "2336"]

1.g3 g6 2.Bg2 Bg7 3.Nf3 Nf6 4.d4 O-O 5.c4 c5 6.d5 d6 7.Nc3 e6 8.O-O exd5
9.cxd5 Nbd7 10.Bf4 Qe7 11.Qd2 a6 12.e4 Ng4 13.Rae1 Nde5 14.Nxe5 Nxe5 15.Bxe5
Bxe5 16.f4 Bd4+ 17.Kh1 Bd7 18.e5 Bb5 19.Nxb5 axb5 20.b4 Rfe8 21.bxc5 Bxc5
22.Re2 Ra4 23.Rb1 b4 24.Rb2 Qd8 25.Bf1 b3 26.Rxb3 dxe5 27.Qc2 Qxd5+ 28.Bg2 Qd4
29.Rb1 Rc4 30.Qe4 Qxe4 31.Rxe4 Rxe4 32.Bxe4 b6 33.Re1 exf4 34.gxf4 Kg7 35.Re2
f5 36.Bd3 Rxe2 37.Bxe2 Be3 38.Kg2 Bxf4 39.h3 Kf6 40.Kf3 Ke5 41.Bc4 Bc1 42.Bg8
Kf6 43.Bc4 g5 44.Bb5 h5 45.Kg3 g4 46.Kh4 Bg5+ 47.Kxh5 gxh3 48.Bc6 h2 49.a4 Bf4
50.Kh4 Ke5 51.Kh3 Kd6 52.Bf3 Kc5 53.Kg2 Kd4 54.Bc6 Ke3 55.Bd7 Ke4 56.Bc6+ Ke5
57.Bd7 Bg3 58.Bc6 f4 59.Kf1 Kd4 60.Ke2 Kc5 61.Bf3 Kb4 62.Bc6 h1=Q 63.Bxh1 Kxa4
64.Kd3 Kb4 65.Bf3 Bf2 66.Bd1 b5 67.Bf3 Ka3 68.Kc2 Bd4 69.Kd3 Be5 70.Bd1 b4
71.Kc4 Bd6 72.Kd5 b3 {#R} 0-1